Quizzes
Events
Quiz Creation
Community
Videos
Private Events
Remove Ads
Sign In
Join for FREE
Feedback
Dark Mode
Quiz Categories
Sports
Geography
Music
Movies
Television
Just For Fun
Miscellaneous
History
Literature
Language
Science
Gaming
Entertainment
Religion
Holiday
For Kids
Quiz Lab
Recent
Popular Today
Quiz Kudos Today
Editor Picks
Curator Picks
Quizzes by...
Day
Popularity
Type
Ratings
Length
Year
Community
Subscriptions
Recent Discussions
Orange Saloon
Badges
Playlists
Quests
Create
Leaderboards
Showdown
Live 5
Trivia Bingo
Activity
Puzzle Library
Sporcle Events
Private Events
Virtual Trivia
Globe League
Become a Host
Pub Owners
SporcleCon
Opinionation
Our Games
Videos
Blog
Mobile Apps
Partnerships
Remove Ads and Go Orange
Feedback
Gaming
Video Games
Board Games
Card Games
Pokémon
Mario
Nintendo
Minecraft
Console
Toys
Legend of Zelda
Gaming
Video Games
Board Games
Card Games
Pokémon
Mario
Nintendo
Minecraft
Console
Toys
Legend of Zelda
Random Quiz
Search Sporcle
×
Quiz Lab
Quiz Lab
Gaming
War
Type in answers that appear in a list
Type in answers that appear in a list
Classic
Best Score? Go Orange.
Starcraft Units Stats
Can you name the units, buildings, and items from Starcraft and Starcraft: Brood War?
By
FriedChckn
15m
162 Questions
967 Plays
967 Plays
967 Plays
Comments
Comments
Give Quiz Kudos
Give Quiz Kudos
-
- Ratings
hide this ad
Replay
Link that replays current quiz
Next Quiz
Link to next quiz in quiz playlist
You Got
0%
They Got
Avg Score
49%
Avg Friend Score
Upgrade to see
Score Distribution
Jump to the score distribution portion of the page
Score
0/162
Timer
15:00
0
Plays Today
Race
Unit Name
% Correct
Terran
Marine
96%
Terran
Firebat
93%
Terran
SCV
92.9%
Terran
Siege Tank
91.6%
Terran
Ghost
91%
Terran
Vulture
90.7%
Terran
Medic
90.4%
Terran
Goliath
89.7%
Zerg
Drone
87.8%
Zerg
Zergling
87.2%
Terran
Science Vessel
86.6%
Terran
Battlecruiser
84.2%
Terran
Wraith
83.9%
Terran
Dropship
83.2%
Terran
Valkyrie
83%
Zerg
Lurker
80.8%
Zerg
Mutalisk
80.8%
Zerg
Hydralisk
80.3%
Protoss
Probe
80.2%
Terran
Command Center
79.8%
Zerg
Ultralisk
78.2%
Protoss
Dark Templar
78.1%
Protoss
Zealot
77.3%
Protoss
Dark Archon
77.2%
Zerg
Overlord
76.3%
Terran
Refinery
76.2%
Zerg
Ultralisk Cavern
75.7%
Terran
Barracks
75.1%
Terran
Bunker
74.9%
Protoss
Dragoon
74.8%
Zerg
Hive
74.1%
Protoss
Archon
73.7%
Zerg
Scourge
73.5%
Terran
Armory
73.4%
Zerg
Guardian
72.2%
Protoss
Observer
72.1%
Terran
Factory
72%
Protoss
Carrier
71.9%
Zerg
Queen's Nest
70.7%
Terran
Supply Depot
70.3%
Terran
Academy
70.1%
Zerg
Hatchery
70.1%
Protoss
High Templar
70.1%
Terran
Physics Lab
69.3%
Protoss
Reaver
69.3%
Protoss
Shuttle
69.3%
Terran
Missile Turret
68.8%
Terran
Starport
68.7%
Zerg
Broodling
68.2%
Zerg
Queen
68%
Zerg
Devourer
67.9%
Zerg
Sunken Colony
67.8%
Zerg
Defiler
67.2%
Zerg
Nydus Canal
67.2%
Race
Unit Name
% Correct
Zerg
Defiler Mound
66.6%
Zerg
Spore Colony
66.1%
Protoss
Corsair
66.1%
Terran
Engineering Bay
65.7%
Zerg
Hydralisk Den
65.6%
Zerg
Infested Terran
64.1%
Zerg
Spawning Pool
63.3%
Protoss
Pylon
63.3%
Zerg
Infested Command Center
63.3%
Protoss
Scout
63.2%
Protoss
Arbiter
63.1%
Terran
Nuclear Silo
62.1%
Zerg
Lair
61.2%
Zerg
Spire
60.8%
Protoss
Forge
60.1%
Protoss
Nexus
59.1%
Zerg
Extractor
58.6%
Terran
Comsat Station
58.1%
Zerg
Creep Colony
57.8%
Protoss
Gateway
57.6%
Terran
Science Facility
57.2%
Protoss
Photon Cannon
57.1%
Zerg
Evolution Chamber
54.6%
Terran
Machine Shop
52.7%
Terran
Covert Ops
52.6%
Zerg
Greater Spire
52.5%
Protoss
Shield Battery
52.2%
Protoss
Cybernetics Core
52.1%
Terran
Control Tower
50.6%
Protoss
Robotics Facility
50.3%
Protoss
Assimilator
48.7%
Protoss
Templar Archives
41.4%
Protoss
Stargate
41%
Special
Jim Raynor (Marine)
38.3%
Neutral
Kakaru
38.1%
Neutral
Vespene Gas
37.6%
Special
Sarah Kerrigan
37.6%
Special
Jim Raynor (Vulture)
35.9%
Protoss
Fleet Beacon
35.6%
Terran
Civilian
34.8%
Special
Samir Duran
33.4%
Protoss
Observatory
33.2%
Protoss
Arbiter Tribunal
32.9%
Protoss
Citadel of Adun
32.3%
Neutral
Ragnasaur
31.7%
Protoss
Robotics Support Bay
30.8%
Neutral
Mineral Chunk
30.6%
Neutral
Psi Emitter
29.8%
Special
Zeratul
29.8%
Special
Infested Kerrigan
28.7%
Special
Norad II
28.4%
Special
Tassadar
27.3%
Special
Torrasque
26.9%
Special
Fenix (Dragoon)
26.3%
Race
Unit Name
% Correct
Special
Fenix (Zealot)
25.5%
Special
Artanis
24.8%
Neutral
Bengalaas
23.5%
Special
Gui Montag
22.8%
Special
Gantrithor
22.7%
Special
Hunter Killer
22.7%
Special
Edmund Duke
22.5%
Neutral
Khaydarin Crystal
22.2%
Neutral
Vespene Geyser
22.2%
Special
Hyperion
21.8%
Special
Overmind
21.2%
Special
Young Overmind
21.2%
Special
Unclean One
21.1%
Neutral
Flag
20.6%
Special
Norad II (Crashed)
20%
Neutral
Khalis Crystal
19.5%
Neutral
Uraj Crystal
19.2%
Special
Alexei Stukov
19.2%
Neutral
Young Chrysalis
18.9%
Special
Devouring One
18.8%
Neutral
Wall Missile Trap
18.3%
Special
Cerebrate
18%
Special
Cerebrate Daggoth
18%
Neutral
Ursadon
17.8%
Special
Infested Duran
17.6%
Special
Tassadar|Zeratul
17.5%
Neutral
Mineral Patch
17.4%
Neutral
Wall Flame Trap
17.3%
Special
Mojo
17.3%
Neutral
Rhynadon
17%
Special
Danimoth
16.5%
Special
Magellan
16.3%
Special
Alan Schezar
16.2%
Neutral
Data Disc
15.6%
Special
Temple
15.4%
Special
Warbringer
14.9%
Neutral
Floor Missile Trap
14.4%
Special
Xel'Naga Temple
14.3%
Neutral
Scantid
14.2%
Special
Psi Disruptor
14.1%
Special
Beacon (Protoss)
14%
Special
Beacon (Zerg)
14%
Special
Beacon (Terran)
14%
Special
Ion Cannon
13.9%
Special
Kukulza (Mutalisk)
13.6%
Special
Tom Kazansky
13.2%
Neutral
Floor Gun Trap
13%
Special
Warp Gate
12.6%
Special
Yggsdrasil
12.6%
Special
Matriarch
11.6%
Special
Power Generator
11.6%
Special
Kukulza (Guardian)
11.4%
Special
Mature Chrysalis
11.4%
Special
Stasis Cell/Prison
9.3%
Quiz Playlist
Details
Report
Send in Message
Add To Playlist
Classic:
Type in answers that appear in a list
Last Updated: Feb 16, 2017
Quiz Scoreboard
CHALLENGE
Sign Up to Join the Scoreboard
Show All
Scores
Hide
Comments
May contain spoilers
Recently Published
Billboard Blitz: Fleetwood Mac
by CooCooCachoo
Music
15s
Presidents Visiting Landmarks
by Hejman
History
7m
An Introduction to Baseball
by treessimontrees
Sports
5m
More to Explore
Quiz From the Vault
Featured Blog Post
Where Did the Easter Bunny Come From?
hide this ad
You Might Also Like...
Tags
War Quiz
brood
Building
class
item
race
starcraft
unit
Today's Top Quizzes in Gaming
Browse Gaming
hide this ad
Today's Top Quizzes in War
Browse War
Top Contributed Quizzes in Gaming
1
5-to-1: Consoles
2
7-to-1: Board Game Piece Blitz
3
5-to-1: Legend of Zelda
4
Destiny 2 exotic weapons by perk icons
5
League of Legends Pro Players by Career/Team History
6
Ultimate Genshin Impact Logic Puzzle (up to 4.3)
7
Franchise by Action Figure
8
Genshin Impact Logic Puzzle Quiz
9
Who's on the WWE 2K24 Cover?
10
Overwatch Logic Puzzle
Explore More
Trending Topics
Disney
Crossword
Marvel
Anime
Harry Potter
Kpop
NBA
NFL
Song
Soccer
The Office
Puzzle
WWE
Pokémon
Country
hide this ad
More By:
FriedChckn
Quiz
Plays
Rating
Category
Featured
Created
Donald Duck's Nephews
54,856
4.05
Entertainment
May 24, 2010
Starcraft Units
967
4.67
Gaming
Nov 19, 2009
Ace Attorney Episodes
500
2.00
Gaming
Nov 20, 2009
Pikmin Areas
185
Gaming
Nov 30, 2010
Wario Land 3 Levels
143
5.00
Gaming
Nov 20, 2009
Go to Creator's Profile
Score Distribution
Quiz Creator Spotlight
FriedChckn
Follow
Send a Message
Quizzes Created
-
Created Quiz Play Count
-
More By This Creator
Popular Quizzes Today
1
Find the US States - No Outlines Minefield
2
Find the Countries of Europe - No Outlines Minefield
3
The Countries of the World
4
Find the US States
5
US States
6
Popular People in 1961
7
Risky Map Clicking: Biggest States A-Z
8
Movies - When Are They Set?
More Gaming Quizzes
Get the Picture: Above or Below in Gaming
Editor's Pick
Trending Quizzes
Risky Map Clicking: Least Populous States A-Z
1-10 Letter G Words
1-10 Letter F Words
Risky Map Clicking: Next State Alphabetically
Risky Map Clicking: Biggest States A-Z
Recently Updated
Leaping Animals
pecheneg
Reality TV Shows (A-Z)
bhenderson79
Rickey Henderson's Hall of Fame Teammates
pecheneg
Champions League XIs: Arsenal
pecheneg
Quick Pick: Celebrities in WWE's Hall of Fame
aduchscher
A-Z Keypad Blitz II
pecheneg
Multiple Oscar Actors
pecheneg
Mystery Phrase Blitz: Oscar 'Best Actors'
pecheneg
F. Scott Fitzgerald Novels
LTH
Pick 3 Villains
ddd62291
Trending Topics
Marvel
Harry Potter
Crossword
Anime
NBA
Kpop
Disney
Soccer
Country
The Office
Song
Puzzle
Pokémon
WWE
NFL
Your Account Isn't Verified!
In order to create a playlist on Sporcle, you need to verify the email address you used during registration. Go to your
Sporcle Settings
to finish the process.
Report this User
Report this user for behavior that violates our
Community Guidelines
.
Details:
Send Report
Go to the Sporcle.com Mobile Site →
Comments